000 00575nam a2200217Ia 4500
003 OSt
005 20220928144812.0
006 a|||||r|||| 00| 0
007 ta
008 220927b |||||||| |||| 00| 0 eng d
024 _a76171
037 _cTextual
040 _aSDCL
_cSDCL
_beng
041 _2eng
_aeng
082 _aR2, M3
100 _aDavis Steven Ed.
_9509746
245 0 _aCausal theories of mind
_b Action,knowledge,memory, perception,and reference
260 _c1983
942 _hR2, M3
_cTEXL
_2CC
999 _c829733
_d829733